000
00224nam a2200097Ia 4500
008
240331s9999 xx 000 0 und d
082
_b
ARI
100
_a
Ariyarathne,S
245
0
_a
Situwam Sahitha Demala janakatha
942
_c
L
999
_c
5048
_d
5048